Metóda EVA a jej využitie na výpočet hodnoty a výkonnosti podniku v podmienkach SR autoreferát dizertačnej práce

Enregistré dans:
Détails bibliographiques
Auteur principal: Glova, Jozef
Collectivité auteur: Vedecká rada Ekonomickej fakulty Technickej univerzity v Košiciach
Autres auteurs: Šoltés, Vincent
Format: Livre
Langue:slovaque
Publié: Košice 2005
Sujets:
Tags: Ajouter un tag
Pas de tags, Soyez le premier à ajouter un tag!

MARC

LEADER 00000nam$a2200000$$$4500
001 0040976
005 20221221130320.3
041 0 |a slo 
044 |a SK 
245 1 0 |a Metóda EVA a jej využitie na výpočet hodnoty a výkonnosti podniku v podmienkach SR  |b autoreferát dizertačnej práce  |c Jozef Glova ; školiteľ: Vincent Šoltés 
264 1 |a Košice  |c 2005 
300 |a 25 s. 
610 2 0 |a výkonnosť 
610 2 0 |a výkony podnikové 
610 2 0 |a politika finančná 
610 2 0 |a ukazovatele hodnotové 
610 2 0 |a riadenie podnikové 
610 2 0 |a trh kapitálový 
610 2 0 |a zisk ekonomický 
610 2 0 |a analýza finančná 
610 2 0 |a modely 
610 2 0 |a nástroje ekonomické 
610 2 0 |a oceňovanie 
610 2 0 |a ukazovatele ekonomické 
100 1 |a Glova, Jozef 
700 1 |a Šoltés, Vincent 
710 2 |a Vedecká rada Ekonomickej fakulty Technickej univerzity v Košiciach